Statistics for Palindromes

Click here to take the quiz!

General Stats

  • This quiz has been taken 1,562 times
    (1,559 since last reset)
  • The average score is 5 of 10

Answer Stats

Hint Answer % Correct
Polite form of address for a womanMadam
90%
Small canoeKayak
88%
Miley Cyrus’ alter egoHannah
82%
Time or point at which the sun crosses the local meridianNoon
64%
Radio detecting and rangingRadar
62%
Relating to a city/civilizationCivic
60%
What Narain Karthikeyan and Michael Schumacher driveRacecar
43%
To even outLevel
32%
Religious doctrine or principle that is proclaimed as true without proofTenet
19%
A language of southern IndiaMalayalam
10%

Score Distribution

Percentile by Number Answered

Percent of People with Each Score

Your Score History

You have not taken this quiz since the last reset